Statystyki dla Kukon - Wszystkie piosenki

Kliknij tutaj aby rozwiązać quiz!

Ogólne statystyki

  • Ten quiz został rozwiązany 432 razy
  • Średni wynik to 75 z 250

Statystyki odpowiedzi

Data WydaniaPłytaUtwór% Poprawnych
14.02.2018Piękny BólKocham cię
85%
09.09.2019Ogrody MixtapeMiniówa
80%
15.06.2018Piękny BólOstatni bal
78%
28.03.2021DRAMAT.Kukon & Julia Mikułakokaina nie pomaga ci w depresji
77%
30.07.2019Radio TaxiBliźniaczki
70%
25.09.2020Kraków, Marzec 2020Dziewczyna z Biblioteki
67%
08.10.2018SingielPiękny ból
67%
13.08.2019Ogrody MixtapeOgrody po blantach
65%
08.09.2018Piękny BólPorsche
64%
08.03.2019Agresja & DepresjaKocham ćpunkę
61%
07.04.2022Rough N'Gentleonly&one
61%
28.03.2021DRAMAT.Kukon & Julia Mikuławrześniowe pomarańcze
61%
06.08.2018Piękny Bólft. PikersLady Gaga
60%
28.03.2021DRAMAT.Kukon & Julia Mikuładeszcz pada na namiot
58%
08.07.2018Piękny BólLekkie łezki
58%
23.06.2022Kukonozaur Mixtape Moodft. Młody KoalaKoala Party
57%
28.03.2021DRAMAT.Kukon & Julia Mikułabędziemy mieć dom, malutki dom
56%
21.09.2020HampleFavst & Gibbs ft. Kukonhalo
56%
23.12.2020Ogrody Mixtape 2ft. QuebonafidePiję wódę i słucham Ich Troje
56%
04.12.2022Ogrody Mixtape 3w aucie noc i 90bpm
56%
19.12.2019Ogrody MixtapeZima 2019
56%
26.08.2018Piękny BólCiężkie łezki
55%
07.04.2022Rough N'GentleMiss Pleasure
55%
28.03.2021DRAMAT.Kukon & Julia Mikułazrób ze mnie lepszego chłopca
54%
25.09.2020Kraków, Marzec 2020Cała noc w samolocie
53%
25.12.2020Ogrody Mixtape 2Kariera
53%
23.12.2022Ogrody Mixtape 3ft. Lex Clockworkpasterka
53%
23.12.2022Ogrody Mixtape 3zachód na blokach
53%
23.06.2022Kukonozaur Mixtape Moodft. Kaz BałaganeLondon Rain
52%
08.09.2018Piękny Bólft. Lex ClockworkRozmazany ból
52%
07.04.2022Rough N'Gentleft. PRO8L3MHard Flex Drive
51%
25.12.2020Ogrody Mixtape 2Letni romans
51%
17.08.2018Piękny Bólkukon & silrosenceMaskotka
51%
03.06.2019Diabły & ZapałkiPamiątka z Paryża
50%
07.11.2019Ogrody MixtapeGotówka
49%
23.12.2022Ogrody Mixtape 3ohs 2022
49%
25.09.2020Kraków, Marzec 2020Sypialnia
49%
25.07.2018Piękny Ból (Bonus Track)Martwe modelki
48%
28.03.2021DRAMAT.Kukon & Julia Mikułamiło mi cię poznać
48%
25.12.2020Ogrody Mixtape 2Rosja
48%
29.12.2019Ogrody MixtapeWirtualny Diler
48%
29.09.2022SingielMiss me
47%
29.12.2019Ogrody MixtapeO.H.S 2014
47%
30.03.2018Piękny BólPanna wampir
47%
25.12.2020Ogrody Mixtape 2Sheraton Kopenhaga
47%
11.12.2018Agresja & DepresjaBluza piękny syf
46%
22.02.2022Rough N'GentlePrawniczka
46%
08.09.2018Piękny BólSeks w ciuchach
46%
28.05.2019Diabły & ZapałkiNastoletnia Rosjanka
45%
23.12.2022Ogrody Mixtape 3sąsiedzi
45%
28.03.2021DRAMAT.Kukon & Julia Mikułaszukam ciebie, ciągle w złych miejscach
45%
10.02.2019Agresja & Depresjaft. DeysZa młody na grzech
45%
28.03.2022Rough N'Gentleft. Daria ZawiałowBatman
43%
10.08.2021SingielMatrioszki
43%
08.03.2019Agresja & Depresjaft. KizoRuletka
43%
14.02.2023Singielshe is mine
43%
20.05.2019Diabły & ZapałkiiCarly
42%
08.03.2019Agresja & Depresja72 dziewice
41%
07.06.2019Diabły & ZapałkiBiałe poduszki
41%
25.09.2020Kraków, Marzec 2020Meskalina
41%
07.10.2019Radio TaxiBlondi
40%
31.01.2019Agresja & DepresjaCześć co tam
40%
19.10.2019Radio Taxift. GuliNoemi
40%
07.04.2022Rough N'GentleCzarne Subaru
39%
23.06.2022Kukonozaur Mixtape Moodft. GibbsDiamond Fetish
39%
19.10.2019Radio TaxiMom jeans
39%
13.01.2019Agresja & DepresjaZabiłaś mnie
39%
27.01.2022Rough N'GentleCasting
38%
04.06.2020Aferaft. AviCzarne BMW
38%
29.10.2020Ogrody Mixtape 2ft. НетлицаList od Mikołaja
38%
23.12.2022Ogrody Mixtape 3miłość
38%
25.12.2020Ogrody Mixtape 2ft. Lex ClockworkNaszyjniki i Kolczyki
38%
19.12.2022Ogrody Mixtape 3new york
38%
11.11.2022Ogrody Mixtape 3pudelek
38%
19.10.2019Radio TaxiTulipan
38%
23.12.2022Ogrody Mixtape 3piona
37%
07.04.2022Rough N'Gentleft. Faustyna MaciejczukAlgorytm
36%
23.06.2022Kukonozaur Mixtape MoodMood
36%
23.06.2022Kukonozaur Mixtape Moodft. Dawkon, Lex Clockwork, Młody KoalaNo to wio (!)
36%
08.03.2019Agresja & DepresjaReżyser
36%
07.04.2022Rough N'GentleTango Argentino
36%
28.09.2019Ogrody MixtapeGruba ryba
35%
23.12.2022Ogrody Mixtape 3sexy
35%
07.12.2020Ogrody Mixtape 2Siostro
35%
07.04.2022Rough N'Gentle4 am in Metawers
34%
07.04.2022Rough N'GentleAesthetic
34%
23.12.2022Ogrody Mixtape 3archiwum x
34%
25.09.2020Kraków, Marzec 2020Buziaczek i buszek
34%
04.03.2019Agresja & DepresjaDom kultury
34%
25.12.2020Ogrody Mixtape 2ft. Lex ClockworkDomówa
34%
07.04.2022Rough N'GentleNowy Dom
34%
08.03.2019Agresja & Depresjaft. SobotaTeatrzyk
34%
07.04.2022Rough N'Gentleft. Louis Villain35mm
33%
15.12.2020PleśńGuzior ft. KukonBoiler Room
33%
19.10.2019Radio TaxiJogobella weed
33%
23.12.2022Ogrody Mixtape 3kolacja
33%
23.12.2022Ogrody Mixtape 3komercha
33%
24.02.2019BordonlineArEs ft. KukonPościel
33%
08.03.2019Agresja & DepresjaRóżowa dama
33%
25.09.2020Kraków, Marzec 2020Toxic Orgasm
33%
19.10.2019Radio Taxift. DeysZezima
33%
25.12.2020Ogrody Mixtape 2ft. Lex Clockwork50 cent
32%
19.03.2020Kraków, Marzec 2020Celebryta
32%
17.10.2019Ogrody MixtapeCzerwone marlboro
32%
14.06.2020Ogrody Mixtape 2ft. Lex ClockworkDupeczki
32%
17.02.2019Agresja & DepresjaKrew to pieniądze
32%
19.10.2019Radio Taxift. PikersSzwajcaria
32%
08.03.2019Agresja & Depresjaft. Kaz BałaganeMinuty to narkotyki
31%
08.03.2019Agresja & DepresjaOtwarty bagażnik
31%
23.12.2022Ogrody Mixtape 3ft. Lex Clockworkuk
31%
19.10.2019Radio TaxiBaltona
30%
25.09.2020Kraków, Marzec 2020ft. MairaIzolacja 2020
30%
23.02.2019Agresja & DepresjaNowe ogrody
30%
08.04.2021Feat.Magiera ft. Kukon, Malik MontanaPolityka
30%
23.12.2022Ogrody Mixtape 3ft. Oskar83po staremu
30%
23.12.2022Ogrody Mixtape 3specyficzny zapach
30%
29.12.2019Ogrody Mixtapeft. Lex Clockwork, Sick WolfheartSpray
30%
07.04.2022Rough N'GentleWyjedźmy do Oslo
30%
25.12.2020Ogrody Mixtape 2100 tysięcy
29%
19.10.2019Radio TaxiBluetooth
29%
25.09.2020Kraków, Marzec 2020Cuckold
29%
29.12.2019Ogrody MixtapeEkipa No-Logo
28%
07.04.2022Rough N'GentleFunny Games
28%
23.06.2022Kukonozaur Mixtape Moodft. RosalieSamotność
28%
23.06.2022Kukonozaur Mixtape MoodB Boje
27%
23.06.2022Kukonozaur Mixtape Moodft. MazzhykDiablo
27%
26.06.2020AferaFloryda
27%
23.12.2022Ogrody Mixtape 3nie ma miejsca jak dom
27%
23.12.2022Ogrody Mixtape 3ft. Pikersprosty dzień
27%
05.06.2019Diabły & ZapałkiStara kumpela
27%
12.10.2017SingielBezbarwna Księżniczka
26%
26.06.2020AferaCasablanca
26%
23.12.2022Ogrody Mixtape 3darknet
26%
23.12.2022Ogrody Mixtape 3hermetyczne plotki
26%
07.06.2019Diabły & ZapałkiHotel nauczka
26%
25.12.2020Ogrody Mixtape 2LA Badroom
26%
26.06.2020AferaMalibu
26%
25.12.2020Ogrody Mixtape 2ft. Lex Clockwork, RenaNie ma w mieście towaru
26%
07.06.2019Diabły & ZapałkiPołknąć pocałunek
26%
11.10.2020Ogrody Mixtape 2ft. Lex ClockworkRaz lepiej raz gorzej
26%
23.06.2022Kukonozaur Mixtape MoodSPAM
26%
09.01.2020QQ Untitled01QueQuality & KukonWróg u bram
26%
02.04.2020Romantic PsychoQuebonafide ft. KukonZŁOTEGLOBY
26%
13.12.2022Ogrody Mixtape 3interes
25%
23.04.2020AferaManekin
25%
30.11.2018SingielCiało & ciało
24%
30.09.2022Muzyka KomercyjnaPezet ft. Kukon, Vae VisticDaddy Issues
24%
07.04.2022Rough N'GentleElectra
24%
25.12.2020Ogrody Mixtape 2ft. Lex ClockworkElegansior
24%
25.12.2020Ogrody Mixtape 2ft. MairaHappy End
24%
04.02.2018SingielMłoda dama
24%
07.04.2022Rough N'Gentleft. Marcin Januszkiewiczpolish savages
24%
11.10.2018SingielPorno
24%
23.12.2022Ogrody Mixtape 3ft. HAŁASTRAstudio sesja
24%
08.03.2019Agresja & DepresjaCo się stało
23%
23.06.2022Kukonozaur Mixtape MoodCrazy Horse Paris
23%
23.12.2022Ogrody Mixtape 3ft. Lex Clockworkdycha
23%
25.12.2020Ogrody Mixtape 2ft. MokraGoldBikini Club
23%
23.12.2022Ogrody Mixtape 3ft. Lex Clockworkpolski blok, polskie flow
23%
25.02.2022BlazaJulia Rocka ft. KukonBlow-Up
22%
12.07.2022SingielKukon & Hodakonline
22%
14.05.2020Aferaft. Lex ClockworkSpory
22%
22.04.2019Singielstary dom
22%
01.11.2018SingielŻona
22%
19.02.2021Opal BlackDa Vosk Docta ft. Kukon5 Blondynek
21%
23.06.2022Kukonozaur Mixtape MoodGdzie są pieniądze???
21%
14.05.2020Aferaft. Dj Falcon1Hello moto
21%
23.12.2022Ogrody Mixtape 3indica night
21%
03.06.2018SingielKocham cię 2
21%
28.05.2021sprzedałem dupeZdechły Osa ft. KukonNew Age Punk
21%
23.06.2022Kukonozaur Mixtape Moodft. Marysia StarostaReal Friends
21%
25.12.2020Ogrody Mixtape 2ft. Bas TajpanBiznes (skit)
20%
22.03.2018SingielBrudna kanapa
20%
26.06.2020AferaDrive bye
20%
08.05.2018SingielKomórka
20%
12.02.2020Czeluść#5Kukon & KosaKrakowska Jesień
20%
23.06.2022Kukonozaur Mixtape MoodNot EAZY Life
20%
11.04.2018SingielPinky lady
20%
14.12.2017Singielmłody laska & kukonZapalniczka
20%
15.05.2020Ogrody Mixtape 2ft. Lex ClockworkDobry numer
19%
28.04.2021ByqMałach ft. KukonObdrapany Marmur
19%
23.06.2022Kukonozaur Mixtape Moodft. Lex Clockwork#stilltrillogf
19%
09.12.2017SingielBenzyna
18%
26.06.2020Aferaft. KaziorCyber-Street
18%
04.11.2017SingielCzarne wino
18%
28.04.2018SingielFuck friends
18%
13.10.2022SingielGniew
18%
03.10.2017SingielMarcepan
18%
21.10.2018SingielOstatnie siemanko
18%
25.08.2022Dopehouse MixtapeGibbs ft. KukonBudzę się w snach
17%
24.02.2018SingielMały wóz
17%
17.12.2019Singielmuzyka
17%
07.03.2018SingielNienawidzę cię
17%
12.12.2018OczkaDeys ft. KukonOczka
17%
20.05.2021NOCNAPawbeats ft. KukonPrędkość
17%
17.12.2020Widzę WięcejChoina ft. KukonSłowo
17%
26.11.2020NocąLex Clockwork ft. KukonNalej mi
16%
23.06.2022Kukonozaur Mixtape MoodCelebrity Net Worth
15%
22.05.2018SingielKwaśny deszcz
15%
13.11.2022MaestroLouis Villain ft. Kukon, CatchUpMiasto Tonie
15%
03.09.2021Organiczne Związki LiryczneKosa ft. KukonSople
15%
25.12.2017SingielSyn punka
15%
16.12.2022Mixtape 8Dj Decks ft. Kukon, Sokół, SariusZ popiołów
15%
26.06.2020Afera (Bonus Track)Kasyno
14%
10.11.2020Maggie VisionMargaret ft. KukonNo Future
14%
23.06.2022Kukonozaur Mixtape MoodProfesjonalny skit
14%
18.05.2022SingielDj Frodo ft. KukonThe End
14%
27.10.2017SingielMarzanna
13%
29.07.20221g AnarchiiLex Clockwork ft. KukonTak musi być
13%
30.03.2021Fight ClubPRO8L3M ft. KukonZiemia Obiecana
13%
02.02.2023club20202020 ft. HAŁASTRA, Łajzol, Kukon, schafter100k Euro
12%
04.01.2018Singielkukon & lex clockworkKorale
12%
21.12.2021Zerodwana BoyzKobik ft. KukonPole Golfowe
12%
26.06.2020Afera (Bonus Track)Puma
12%
07.07.2022B&B WarsawKaz Bałagane ft. Kukon, Kronkel DomRatchet Business Class
12%
20.05.2022Ruleta1988 ft. KukonDutch
11%
22.06.2019ScarfaceKruchy ft. KukonFame
11%
14.04.20221g AnarchiiLex Clockwork ft. Kukon, GedzGood Girl Bad Pussy Bad Boy
11%
27.05.2021SingielKbleax ft. KukonMoulin Rouge
11%
26.11.2017Singielmłody laska & kukonNowa chemia
11%
22.05.2021MindsetLex Clockwork ft. KukonPiruet
11%
15.11.2021Singielzapomnijcie o ogrodach
11%
26.08.2017Singielcyrk
10%
09.03.2020DillzajnerKukon ft. KaziorDamage
10%
20.12.2020SingielDeadseraph ft. KukonNie można nam ufać
9%
21.05.2021Powrót z drogi do nikądSiwers ft. Pezet, Kukon, Amen, Phunk'illPetrolheadz
9%
09.09.2018SingielPazzy ft. KukonWiadomość dla Świata
9%
05.11.2020SingielBlaga ft. KukonWszystko Złoto
9%
14.05.2016Singielwynurzył się
9%
28.10.2018Pamiętnik Clockworka: Pada deszcz, a ja nie moknę.kukon & lex clockworkAlfa & Omega
8%
07.04.2022Rough N'Gentle (Bonus Track)ft. Lex ClockworkChamy
8%
28.01.2022Na żywoTPS ft. KukonNa żywo
8%
11.07.2019SingielNowy człowiek
8%
13.07.2020SingielUdanych wakacji
8%
05.12.2017Singielkrupicz & kukonZimne ognie
8%
05.11.2021Singielchillout
7%
10.12.2020NocąLex Clockwork ft. Kukon, MairaUniverse
7%
17.04.2021Galasalyona alyona ft. Kalush, KukonDobre Pre
6%
24.10.2021Singielkostka
6%
22.12.2021Singielnie wpadne na święta
6%
29.08.2019Singielpodziel się
6%
14.07.2018Pamiętnik Clockworka: Pada deszcz, a ja nie moknę.kukon & lex clockworkwojownik
6%
26.06.2020AferaJebać system (Kraftwerk)
5%
07.04.2022Rough N'Gentle (Bonus Track)Middle East Freestyle
5%
05.08.2019Zwierzęta Futerkowe EPMłody Bóg ft. Kukon, Pikers, MVZRNarkotyki (To Hardcore)
5%
01.10.2021ACHTUNGOnar ft. KukonPrzepalone pixele
5%
16.06.2021Na właściwych torachURBI NW ft. KukonWolę legal
5%
29.10.2022Na otwartym sercuKafar Dix37 ft. Kukon, Louis VillainPrzesiąkasz zapachem nocy
4%
03.07.2019Singielwielcy
4%
29.01.2022DISSNEYLANDPenx/Kundel ft. KukonMickey Mauser
3%

Rozkład punktacji

Percentyl według liczby udzielonych odpowiedzi

Procent ludzi z każdym wynikiem

Twoja historia wyników

Nie rozwiązałeś tego quizu